000 01086nam a2200205 a 4500
001 43284
005 20180714021742.0
008 140415s1999 mx 000 0 spa d
020 _a9701825195
041 _aspa
082 _a363.51
_bPAZ
100 1 _aPAZ ARELLANO, PEDRO
245 1 3 _aEL OTRO SIGNIFICADO DE UN MONUMENTO HISTORICO
250 _a1a ed.
260 _aMEXICO :
_bINSTITUTO NACIONAL DE ANTROPOLOGIA E HISTORIA,
_c1999
300 _a274
_cx 12.4 x 19.7
490 _aDIVULGACION
520 _aEL TEXTO TRATA DE LA CONSERVACION DE ESTOS EDIFICIOS NO DEPENDE DE LA CONCIENTIZACION DE LA GENTE, COMO AFIRMAN ALGUNOS ESPECIALISTAS; PUES NUNCA HA EXISTIDI ESA FORMA UNICA DE CONCIENCIA SOCIAL Y, SIN EMBARGO, LAS PERSONAS POR MOTIVOS PROPIOS HAN CONSERVADO MILES DE EDIFICIOS ANTIGUOS EN TODO EL PAIS. ESTA PARTICIACION SOCIAL PARA LA CONSERVACION DE LOS MONUMENTOS HISTORICOS, QUE FORMAN PARTE DEL PATRIMONIO CULTURAL, CONLLEVA INFINIDAD DE PROBLEMAS Y PREGUNTAS. ¿ CUAL ES EL SIGNIFICAD
650 1 4 _aPROBLEMAS SOCIALES
_xVIVIENDA
_xCASAS DE VECINDAD
999 _c43284
_d43284